Normal view
MARC view
Entry Personal Name
001 - CONTROL NUMBER
- control field: 1650
003 - CONTROL NUMBER IDENTIFIER
- control field: OSt
005 - DATE AND TIME OF LATEST TRANSACTION
- control field: 20141030151854.0
008 - FIXED-LENGTH DATA ELEMENTS
- fixed length control field: 141030|| aca||aabn | a|a d
040 ## - CATALOGING SOURCE
- Original cataloging agency: OSt
- Transcribing agency: OSt
100 ## - HEADING--PERSONAL NAME
- Personal name: Connors, Kenneth A.
- Fuller form of name: (Kenneth Antonio),
- Dates associated with a name: 1932-
670 ## - SOURCE DATA FOUND
- Source citation: Work cat.: (OSt)630: Connors, Kenneth A. (Kenneth Antonio), 1932-, Thermodynamics of pharmaceutical systems :, c2002.
